Klient v klietke

Rastúci záujem o poskytovanie hotovostných pôžičiek. Ponuky úverových produktov pre obyvateľstvo. Prístup bankových domov k informáciám o príjmoch dlžníkov. Pôžičky od Poštovej banky. Ponuky produktov niektorých bánk.

Gespeichert in:
Bibliographische Detailangaben
1. Verfasser: Vavřinková, Jana
Format: Buchkapitel
Sprache:Slowakisch
Schlagworte:
Tags: Tag hinzufügen
Keine Tags, Fügen Sie das erste Tag hinzu!

MARC

LEADER 00000naa$a2200000$$$4500
001 0054267
005 20231009072835.2
041 0 |a slo 
044 |a SK 
245 1 0 |a Klient v klietke  |c Jana Vavřinková 
520 |a Rastúci záujem o poskytovanie hotovostných pôžičiek. Ponuky úverových produktov pre obyvateľstvo. Prístup bankových domov k informáciám o príjmoch dlžníkov. Pôžičky od Poštovej banky. Ponuky produktov niektorých bánk. 
610 2 0 |a banky 
610 2 0 |a pôžičky 
610 2 0 |a dlžníci 
610 2 0 |a úver spotrebiteľský 
610 2 0 |a úver bankový 
100 1 |a Vavřinková, Jana